Thiết kế kiến trúc nhà ở và nhà thương mại = Architectural drafting residential and commercial

محفوظ في:
التفاصيل البيبلوغرافية
المؤلف الرئيسي: Thomas Oberrneyer
التنسيق: كتاب
اللغة:Undetermined
منشور في: Hà Nội Xây dựng 1996
الموضوعات:
الوسوم: إضافة وسم
لا توجد وسوم, كن أول من يضع وسما على هذه التسجيلة!
Thư viện lưu trữ: Trung tâm Học liệu Trường Đại học Cần Thơ
LEADER 00622nam a2200181Ia 4500
001 CTU_22067
008 210402s9999 xx 000 0 und d
082 |a 690.21 
082 |b O.13 
100 |a Thomas Oberrneyer 
245 0 |a Thiết kế kiến trúc nhà ở và nhà thương mại 
245 0 |b = Architectural drafting residential and commercial 
245 0 |c Thomas Oberrneyer; Dịch giả: Trương Ngọc Diệp et al. 
260 |a Hà Nội 
260 |b Xây dựng 
260 |c 1996 
650 |a architectural drafting 
980 |a Trung tâm Học liệu Trường Đại học Cần Thơ